| 000 | 00448nam a2200157 i 4500 | ||
|---|---|---|---|
| 001 | 43644 | ||
| 003 | ES-MaACL | ||
| 005 | 20230906160841.0 | ||
| 007 | t| | ||
| 008 | 030318s1969 sp ||||1| spa d | ||
| 100 | 1 |
_aCervera Espinosa, A. _937640 |
|
| 245 | 1 | 0 |
_aAntropología filosófica _b: ¿quién es el hombre? / _cA. Cervera Espinosa. |
| 260 |
_aMadrid : _bFax, _c[1969] |
||
| 300 |
_a270 p. ; _c20 cm. |
||
| 852 |
_aES-MaACL _jC-39404 _bR.72182 |
||
| 999 |
_c43644 _d43644 |
||